Brassens - Putain De Toi - Statistiques

Statistiques générales
  • Ce quiz a été pris 58 fois
    13 depuis la dernière actualisation
  • Le résultat moyen est 140 sur 238
Statistiques - réponses
Paroles % Correct
de
100%
je
100%
Je
100%
Putain
100%
toi
100%
et
89%
Et
89%
89%
la
89%
le
89%
Le
89%
Tu
89%
Les
78%
les
78%
moi
78%
pauvre
78%
à
67%
as
67%
ce
67%
dans
67%
des
67%
du
67%
En
67%
en
67%
ma
67%
mes
67%
Mes
67%
porte
67%
pour
67%
sur
67%
ta
67%
Te
67%
temps
67%
Ah
56%
ah
56%
aux
56%
Aux
56%
bas
56%
beau
56%
bonheurs
56%
C'était
56%
c'était
56%
chat
56%
chats
56%
couleur
56%
défendus
56%
d'ici
56%
Dieu
56%
faisais
56%
félin
56%
il
56%
m'apporte
56%
m'étaient
56%
misères
56%
mon
56%
patte
56%
perdus
56%
pistache
56%
pluie
56%
posé
56%
qu'
56%
que
56%
sans
56%
soir
56%
tous
56%
Un
56%
un
56%
velours
56%
vivais
56%
voilà
56%
amour
44%
ans
44%
bornes
44%
boucher
44%
coeur
44%
doute
44%
d'ouvrir
44%
escalope
44%
fendus
44%
fleurs
44%
garde
44%
heureusement
44%
l'aveuglette
44%
lit
44%
l'orage
44%
lourd
44%
lune
44%
manger
44%
m'empresse
44%
misérable
44%
moustache
44%
ne
44%
Notre
44%
nouveau
44%
on
44%
pas
44%
passe
44%
passé
44%
pesait
44%
plus
44%
poèmes
44%
salope
44%
t'avais
44%
tendais
44%
trop
44%
une
44%
vertu
44%
vingt
44%
violette
44%
yeux
44%
amours
33%
bohème
33%
brûlais
33%
chansons
33%
chantais
33%
coins
33%
comble
33%
déjà
33%
enfin
33%
feu
33%
fini
33%
Fort
33%
jeter
33%
Mais
33%
mûrissait
33%
Nom
33%
peine
33%
prunes
33%
quatres
33%
renonçant
33%
restait
33%
rien
33%
suis
33%
T'as
33%
tes
33%
vergogne
33%
vie
33%
violettes
33%
Comme
22%
crachais
22%
fauche
22%
frivoles
22%
gratte
22%
promené
22%
semais
22%
couru
11%
emportant
11%
remonté
11%
cornes
0%
Aucun quiz correspondant
Distribution des résultats
% des personnes avec chaque résultat
Percentile par nombre de réponses
Votre historique - résultats
Vous n’avez pas pris ce quiz depuis la dernière actualisation